[Event "ODJM C 2025"]
[Site "Willingen GER"]
[Date "2025.06.14"]
[Round "9"]
[White "Hantke, Florian"]
[Black "Surmann, Lukas"]
[Result "1-0"]
[Termination "normal"]
[Board "10"]
[WhiteElo "1517"]
[BlackElo "1084"]
[WhiteClock "00:26:49"]
[BlackClock "00:10:46"]
[PlyCount "111"]
[WhiteFideId "34638962"]
[BlackFideId "34649360"]
[EventCountry "GER"]
[EventRounds "9"]
[EventType "swiss"]
[EventDate "2025.06.07"]

1. e4 {[%clk 01:30:36]} {[%emt 00:00:24]} e6 {[%clk 01:31:22]} {[%emt
00:00:08]} 2. d4 {[%clk 01:30:47]} {[%emt 00:00:20]} d5 {[%clk 01:31:42]}
{[%emt 00:00:09]} 3. exd5 {[%clk 01:30:36]} {[%emt 00:00:41]} exd5 {[%clk
01:32:03]} {[%emt 00:00:10]} 4. c4 {[%clk 01:30:40]} {[%emt 00:00:25]} Nf6
{[%clk 01:31:07]} {[%emt 00:01:26]} 5. Nc3 {[%clk 01:30:32]} {[%emt 00:00:37]}
Nc6 {[%clk 01:28:07]} {[%emt 00:03:31]} 6. Nf3 {[%clk 01:29:26]} {[%emt
00:01:36]} Be7 {[%clk 01:27:01]} {[%emt 00:01:35]} 7. cxd5 {[%clk 01:26:40]}
{[%emt 00:03:18]} Nxd5 {[%clk 01:26:01]} {[%emt 00:01:29]} 8. Bd3 {[%clk
01:26:55]} {[%emt 00:00:15]} Nf6 {[%clk 01:21:59]} {[%emt 00:04:32]} 9. Bb5
{[%emt 00:02:23]} O-O {[%emt 00:01:32]} 10. O-O {[%clk 01:22:54]} {[%emt
00:00:36]} a6 {[%clk 01:21:27]} {[%emt 00:01:02]} 11. Ba4 {[%clk 01:13:01]}
{[%emt 00:10:23]} Bg4 {[%clk 01:13:43]} {[%emt 00:08:13]} 12. Bxc6 {[%clk
01:11:53]} {[%emt 00:01:39]} bxc6 {[%clk 01:14:02]} {[%emt 00:00:11]} 13. Be3
{[%clk 01:12:13]} {[%emt 00:00:10]} Nd5 {[%clk 01:10:58]} {[%emt 00:03:33]} 14.
h3 {[%clk 01:07:14]} Nxe3 {[%clk 01:10:16]} {[%emt 00:06:41]} 15. fxe3 {[%clk
01:07:10]} Be6 {[%clk 01:09:04]} {[%emt 00:02:16]} 16. Ne5 {[%clk 01:03:05]}
Qd6 {[%clk 01:07:13]} {[%emt 00:06:56]} 17. Qc2 {[%clk 01:01:26]} c5 {[%clk
01:01:54]} {[%emt 00:07:59]} 18. Ne4 {[%clk 01:01:07]} Qd5 {[%clk 01:01:47]}
{[%emt 00:01:25]} 19. Nxc5 {[%clk 01:00:52]} Bxc5 {[%clk 01:01:31]} {[%emt
00:01:32]} 20. Qxc5 {[%clk 01:01:15]} Qxc5 {[%clk 01:01:30]} {[%emt 00:00:38]}
21. dxc5 {[%clk 01:01:38]} Bd5 {[%clk 00:57:35]} {[%emt 00:04:32]} 22. Rfd1
{[%clk 00:52:07]} Be4 {[%clk 00:54:24]} {[%emt 00:13:41]} 23. Rd7 {[%clk
00:52:12]} Rab8 {[%clk 00:51:39]} {[%emt 00:03:41]} 24. b3 {[%clk 00:48:46]} f6
{[%clk 00:51:11]} {[%emt 00:04:53]} 25. Nf3 {[%clk 00:48:06]} c6 {[%clk
00:50:05]} {[%emt 00:02:47]} 26. Rad1 {[%clk 00:45:41]} Bd5 {[%clk 00:49:05]}
{[%emt 00:04:24]} 27. Kf2 {[%clk 00:41:13]} Rfe8 {[%clk 00:46:54]} {[%emt
00:07:40]} 28. Ra7 {[%clk 00:38:43]} Rb5 {[%clk 00:46:55]} {[%emt 00:03:29]}
29. Rxa6 {[%clk 00:37:31]} Rxc5 {[%clk 00:47:01]} {[%emt 00:02:05]} 30. Nd4
{[%clk 00:37:31]} Rc3 {[%clk 00:45:33]} {[%emt 00:02:28]} 31. Re1 {[%clk
00:37:37]} c5 {[%clk 00:44:53]} {[%emt 00:01:34]} 32. Nf3 {[%clk 00:34:18]} Re4
{[%clk 00:36:48]} {[%emt 00:12:24]} 33. Rd6 {[%clk 00:30:56]} Be6 {[%clk
00:27:57]} {[%emt 00:13:12]} 34. Nd2 {[%clk 00:28:43]} Re5 {[%clk 00:23:16]}
{[%emt 00:07:55]} 35. e4 {[%clk 00:27:43]} Bf7 {[%clk 00:20:27]} {[%emt
00:05:22]} 36. Rd8+ {[%clk 00:26:00]} Re8 {[%clk 00:20:01]} {[%emt 00:02:45]}
37. Rxe8+ {[%clk 00:25:40]} Bxe8 {[%clk 00:20:19]} {[%emt 00:01:27]} 38. Nc4
{[%clk 00:26:02]} Bc6 {[%clk 00:18:43]} {[%emt 00:02:13]} 39. e5 {[%clk
00:26:19]} Rc2+ {[%clk 00:18:16]} {[%emt 00:01:11]} 40. Re2 {[%clk 00:26:23]}
Rxe2+ {[%clk 00:17:46]} {[%emt 00:01:26]} 41. Kxe2 {[%clk 00:26:48]} Bxg2
{[%clk 00:16:12]} {[%emt 00:02:09]} 42. exf6 {[%clk 00:27:13]} gxf6 {[%clk
00:16:10]} {[%emt 00:00:37]} 43. h4 {[%clk 00:27:36]} {[%emt 00:00:06]} Kf7
{[%clk 00:15:36]} {[%emt 00:01:05]} 44. Kf2 {[%clk 00:27:29]} {[%emt 00:00:35]}
Bd5 {[%clk 00:15:34]} {[%emt 00:00:32]} 45. Nb6 {[%clk 00:27:48]} {[%emt
00:00:13]} Be6 {[%clk 00:15:41]} {[%emt 00:00:22]} 46. Na4 {[%clk 00:27:44]}
{[%emt 00:00:35]} c4 {[%clk 00:15:02]} {[%emt 00:01:09]} 47. b4 {[%clk
00:28:09]} {[%emt 00:00:05]} Ke8 {[%clk 00:14:34]} {[%emt 00:00:58]} 48. Nc3
{[%clk 00:28:17]} {[%emt 00:00:22]} Kd7 {[%clk 00:14:29]} {[%emt 00:00:35]} 49.
Ke3 {[%clk 00:28:15]} {[%emt 00:00:32]} Kd6 {[%clk 00:14:27]} {[%emt 00:00:32]}
50. Kd4 {[%clk 00:28:32]} {[%emt 00:00:13]} f5 {[%clk 00:14:30]} {[%emt
00:00:27]} 51. a3 {[%clk 00:28:34]} {[%emt 00:00:28]} h6 {[%clk 00:13:48]}
{[%emt 00:01:12]} 52. Ne2 {[%clk 00:28:33]} {[%emt 00:00:31]} Bd5 {[%clk
00:13:39]} {[%emt 00:00:39]} 53. Nf4 {[%clk 00:28:29]} {[%emt 00:00:34]} Bf7
{[%clk 00:13:43]} {[%emt 00:00:25]} 54. Ng2 {[%clk 00:28:31]} {[%emt 00:00:28]}
Bg8 {[%clk 00:11:38]} {[%emt 00:02:35]} 55. Ne3 {[%clk 00:28:30]} {[%emt
00:00:30]} f4 {[%clk 00:10:46]} {[%emt 00:01:22]} 56. Nxc4+ {[%clk 00:26:49]}
{[%emt 00:02:13]} 1-0

[Event "ODJM C 2025"]
[Site "Willingen GER"]
[Date "2025.06.14"]
[Round "9"]
[White "Weibrecht, Theo"]
[Black "Englert, Ann"]
[Result "0-1"]
[Termination "normal"]
[Board "11"]
[WhiteElo "1596"]
[BlackElo "1614"]
[WhiteClock "00:54:14"]
[BlackClock "01:15:18"]
[PlyCount "54"]
[WhiteFideId "34660240"]
[BlackFideId "34606181"]
[EventCountry "GER"]
[EventRounds "9"]
[EventType "swiss"]
[EventDate "2025.06.07"]

1. e4 {[%clk 01:30:59]} c5 {[%clk 01:30:53]} {[%emt 00:00:06]} 2. c3 {[%clk
01:31:25]} {[%emt 00:00:05]} d5 {[%clk 01:31:02]} {[%emt 00:00:21]} 3. exd5
{[%clk 01:31:39]} {[%emt 00:00:17]} Nf6 {[%clk 01:31:06]} {[%emt 00:00:26]} 4.
c4 {[%clk 01:31:29]} {[%emt 00:00:40]} e6 {[%clk 01:30:26]} {[%emt 00:01:09]}
5. dxe6 {[%clk 01:31:44]} {[%emt 00:00:15]} Bxe6 {[%clk 01:30:47]} {[%emt
00:00:09]} 6. Nc3 {[%clk 01:31:02]} {[%emt 00:01:13]} Bd6 {[%clk 01:30:28]}
{[%emt 00:00:48]} 7. b3 {[%clk 01:29:54]} {[%emt 00:01:38]} Qe7 {[%clk
01:29:43]} {[%emt 00:01:14]} 8. Nge2 {[%clk 01:29:37]} {[%emt 00:00:48]} O-O
{[%clk 01:28:58]} {[%emt 00:01:16]} 9. g3 {[%clk 01:29:24]} {[%emt 00:00:42]}
Nc6 {[%clk 01:28:30]} {[%emt 00:00:58]} 10. Bg2 {[%clk 01:28:22]} {[%emt
00:01:32]} Nd4 {[%clk 01:27:43]} {[%emt 00:01:16]} 11. O-O {[%clk 01:21:50]}
{[%emt 00:07:04]} Bg4 {[%clk 01:23:57]} {[%emt 00:04:14]} 12. Re1 {[%clk
01:20:10]} {[%emt 00:02:11]} Rfe8 {[%clk 01:23:18]} {[%emt 00:01:09]} 13. Kf1
{[%clk 01:17:05]} {[%emt 00:03:35]} Nf3 {[%clk 01:19:40]} {[%emt 00:04:09]} 14.
Bxf3 Bxf3 {[%clk 01:20:03]} 15. Qc2 {[%clk 01:14:21]} {[%emt 00:01:39]} Qe6
{[%clk 01:20:12]} {[%emt 00:00:20]} 16. Rd1 {[%clk 01:00:10]} {[%emt 00:14:41]}
Bxe2+ {[%clk 01:16:15]} {[%emt 00:04:28]} 17. Nxe2 {[%clk 00:59:17]} {[%emt
00:01:04]} Qxe2+ {[%clk 01:16:41]} {[%emt 00:00:23]} 18. Kg1 {[%clk 00:59:28]}
{[%emt 00:00:18]} Ng4 {[%clk 01:16:24]} {[%emt 00:00:47]} 19. Rf1 {[%clk
00:58:55]} {[%emt 00:01:02]} Nxh2 {[%clk 01:16:18]} {[%emt 00:00:37]} 20. Bb2
{[%clk 00:58:21]} {[%emt 00:01:04]} Nxf1 {[%clk 01:16:26]} {[%emt 00:00:22]}
21. Rxf1 {[%clk 00:58:43]} {[%emt 00:00:08]} Be5 {[%clk 01:14:33]} {[%emt
00:02:23]} 22. Ba3 {[%clk 00:57:15]} {[%emt 00:01:59]} Bd4 {[%clk 01:14:25]}
{[%emt 00:00:37]} 23. Bc1 {[%clk 00:56:06]} {[%emt 00:01:40]} Qf3 {[%clk
01:14:22]} {[%emt 00:00:30]} 24. Bb2 {[%clk 00:55:32]} {[%emt 00:01:07]} Bxb2
{[%clk 01:14:43]} {[%emt 00:00:09]} 25. Qxb2 {[%clk 00:55:56]} {[%emt
00:00:06]} Re6 {[%clk 01:14:44]} {[%emt 00:00:27]} 26. d4 {[%clk 00:56:01]}
{[%emt 00:00:27]} Rh6 {[%clk 01:14:54]} {[%emt 00:00:19]} 27. Qe2 {[%clk
00:54:14]} {[%emt 00:02:16]} Qh1# {[%clk 01:15:18]} {[%emt 00:00:07]} 0-1

[Event "ODJM C 2025"]
[Site "Willingen GER"]
[Date "2025.06.14"]
[Round "9"]
[White "Prokscha, Marlene"]
[Black "Gakhov, Gabriel"]
[Result "1/2-1/2"]
[Termination "normal"]
[Board "12"]
[WhiteElo "1560"]
[BlackElo "1519"]
[WhiteClock "00:27:17"]
[BlackClock "01:28:27"]
[PlyCount "103"]
[WhiteFideId "34631291"]
[BlackFideId "533017875"]
[EventCountry "GER"]
[EventRounds "9"]
[EventType "swiss"]
[EventDate "2025.06.07"]

1. d4 {[%clk 01:30:56]} {[%emt 00:00:04]} d5 {[%clk 01:30:54]} {[%emt
00:00:06]} 2. Nf3 {[%clk 01:31:17]} {[%emt 00:00:09]} Nf6 {[%clk 01:31:16]}
{[%emt 00:00:08]} 3. Bf4 {[%clk 01:31:32]} {[%emt 00:00:14]} c5 {[%clk
01:31:38]} {[%emt 00:00:09]} 4. e3 {[%clk 01:31:54]} {[%emt 00:00:08]} Qb6
{[%clk 01:32:01]} {[%emt 00:00:07]} 5. b3 {[%clk 01:27:31]} {[%emt 00:04:53]}
Nc6 {[%clk 01:30:33]} {[%emt 00:01:56]} 6. Be2 {[%clk 01:21:52]} {[%emt
00:06:11]} Nh5 {[%clk 01:30:28]} {[%emt 00:00:34]} 7. Bg3 {[%clk 01:06:32]}
{[%emt 00:15:51]} Nxg3 {[%clk 01:29:55]} {[%emt 00:01:03]} 8. hxg3 {[%clk
01:06:28]} {[%emt 00:00:34]} Bf5 {[%clk 01:30:02]} {[%emt 00:00:23]} 9. Bd3
{[%clk 01:00:44]} {[%emt 00:06:14]} Be4 {[%clk 01:27:32]} {[%emt 00:02:59]} 10.
c3 {[%clk 00:52:23]} {[%emt 00:08:52]} e6 {[%clk 01:25:51]} {[%emt 00:02:11]}
11. Bxe4 {[%clk 00:51:02]} {[%emt 00:01:51]} dxe4 {[%clk 01:26:00]} {[%emt
00:00:21]} 12. Ng5 {[%clk 00:51:20]} {[%emt 00:00:12]} Ne7 {[%clk 01:23:40]}
{[%emt 00:02:26]} 13. Rxh7 {[%clk 00:47:38]} {[%emt 00:04:36]} Rxh7 {[%clk
01:23:30]} {[%emt 00:00:39]} 14. Nxh7 {[%clk 00:48:06]} {[%emt 00:00:03]} f6
{[%clk 01:23:51]} {[%emt 00:00:09]} 15. Nxf8 {[%clk 00:47:17]} {[%emt
00:01:19]} Kxf8 {[%clk 01:24:11]} {[%emt 00:00:09]} 16. Nd2 {[%clk 00:47:04]}
{[%emt 00:00:43]} cxd4 {[%clk 01:23:02]} {[%emt 00:01:40]} 17. cxd4 {[%clk
00:46:03]} {[%emt 00:01:31]} f5 {[%clk 01:21:44]} {[%emt 00:01:48]} 18. g4
{[%clk 00:44:52]} {[%emt 00:01:41]} g6 {[%clk 01:21:52]} {[%emt 00:00:21]} 19.
gxf5 {[%clk 00:44:53]} {[%emt 00:00:29]} exf5 {[%clk 01:22:20]} {[%emt
00:00:02]} 20. Rc1 {[%clk 00:44:33]} {[%emt 00:00:51]} Rc8 {[%clk 01:19:29]}
{[%emt 00:03:20]} 21. Nc4 {[%clk 00:43:00]} {[%emt 00:02:04]} Qb4+ {[%clk
01:19:41]} {[%emt 00:00:18]} 22. Qd2 {[%clk 00:42:44]} {[%emt 00:00:47]} Qxd2+
{[%clk 01:19:39]} {[%emt 00:00:32]} 23. Kxd2 {[%clk 00:43:09]} {[%emt
00:00:06]} b5 {[%clk 01:19:28]} {[%emt 00:00:40]} 24. Nd6 {[%clk 00:42:52]}
{[%emt 00:00:46]} Rxc1 {[%clk 01:19:46]} {[%emt 00:00:13]} 25. Kxc1 {[%clk
00:43:20]} {[%emt 00:00:02]} a6 {[%clk 01:19:23]} {[%emt 00:00:52]} 26. Kc2
{[%clk 00:41:28]} {[%emt 00:02:23]} Nd5 {[%clk 01:18:24]} {[%emt 00:01:26]} 27.
a4 {[%clk 00:41:04]} {[%emt 00:00:57]} Ke7 {[%clk 01:16:10]} {[%emt 00:02:41]}
28. Nb7 {[%clk 00:40:20]} {[%emt 00:01:16]} Nb4+ {[%clk 01:16:04]} {[%emt
00:00:33]} 29. Kc3 {[%clk 00:39:27]} {[%emt 00:01:27]} Nd5+ {[%clk 01:16:17]}
{[%emt 00:00:17]} 30. Kd2 {[%clk 00:39:06]} {[%emt 00:00:50]} b4 {[%clk
01:14:53]} {[%emt 00:01:54]} 31. Nc5 {[%clk 00:37:59]} {[%emt 00:01:36]} Nc7
{[%clk 01:13:30]} {[%emt 00:00:37]} 32. f3 {[%clk 00:38:09]} {[%emt 00:01:38]}
exf3 {[%clk 01:13:30]} {[%emt 00:00:29]} 33. gxf3 {[%clk 00:38:36]} {[%emt
00:00:04]} g5 {[%clk 01:12:14]} {[%emt 00:01:45]} 34. Nd3 {[%clk 00:36:04]}
{[%emt 00:03:02]} Nd5 {[%clk 01:11:20]} {[%emt 00:01:07]} 35. e4 {[%clk
00:34:00]} {[%emt 00:02:52]} fxe4 {[%clk 01:10:50]} {[%emt 00:01:00]} 36. fxe4
{[%clk 00:34:25]} {[%emt 00:00:05]} Nf6 {[%clk 01:11:10]} {[%emt 00:00:10]} 37.
Ke3 {[%clk 00:33:10]} {[%emt 00:01:45]} g4 {[%clk 01:10:29]} {[%emt 00:01:10]}
38. Kf4 {[%clk 00:31:20]} {[%emt 00:02:18]} g3 {[%clk 01:09:53]} {[%emt
00:01:08]} 39. Ne1 {[%clk 00:23:44]} {[%emt 00:08:07]} Ke6 {[%clk 01:07:37]}
{[%emt 00:02:45]} 40. e5 {[%clk 00:23:46]} {[%emt 00:00:28]} Nd5+ {[%clk
01:07:11]} {[%emt 00:00:54]} 41. Kxg3 {[%clk 00:23:03]} {[%emt 00:01:16]} Nc3
{[%clk 01:05:03]} {[%emt 00:02:37]} 42. Nc2 {[%clk 00:18:00]} {[%emt 00:05:34]}
a5 {[%clk 01:05:04]} {[%emt 00:00:29]} 43. Ne3 {[%clk 00:14:02]} {[%emt
00:04:27]} Ne2+ {[%clk 01:04:30]} {[%emt 00:01:04]} 44. Kg4 {[%clk 00:13:19]}
{[%emt 00:01:14]} Nxd4 {[%clk 01:03:47]} {[%emt 00:01:13]} 45. Nc4 {[%clk
00:13:21]} {[%emt 00:00:27]} Nxb3 {[%clk 01:03:57]} {[%emt 00:00:20]} 46. Kf4
{[%clk 00:12:24]} {[%emt 00:01:27]} Nc1 {[%clk 01:04:04]} {[%emt 00:00:23]} 47.
Ke4 {[%clk 00:29:24]} {[%emt 00:13:31]} Na2 {[%clk 01:29:14]} {[%emt 00:03:36]}
48. Nxa5 {[%clk 00:27:11]} {[%emt 00:04:27]} Nc3+ {[%clk 01:29:31]} {[%emt
00:00:13]} 49. Kd4 {[%clk 00:27:24]} {[%emt 00:00:18]} Nxa4 {[%clk 01:29:19]}
{[%emt 00:00:42]} 50. Nb3 {[%clk 00:27:27]} {[%emt 00:00:26]} Nb6 {[%clk
01:28:27]} {[%emt 00:01:18]} 51. Nc5+ {[%clk 00:27:17]} {[%emt 00:00:45]} Ke7
{[%emt 00:04:33]} 52. Nb3 1/2-1/2

[Event "ODJM C 2025"]
[Site "Willingen GER"]
[Date "2025.06.14"]
[Round "9"]
[White "Holzhäuser, Thibaut Lautaro"]
[Black "Stelter, Torge"]
[Result "1-0"]
[Termination "normal"]
[Board "13"]
[WhiteElo "1035"]
[BlackElo "1246"]
[WhiteClock "01:12:14"]
[BlackClock "01:12:59"]
[PlyCount "36"]
[WhiteFideId "34679731"]
[BlackFideId "533043698"]
[EventCountry "GER"]
[EventRounds "9"]
[EventType "swiss"]
[EventDate "2025.06.07"]

1. e4 {[%clk 01:30:59]} {[%emt 00:00:02]} e5 {[%clk 01:30:58]} {[%emt
00:00:02]} 2. Nf3 {[%clk 01:31:23]} {[%emt 00:00:06]} Nc6 {[%clk 01:31:24]}
{[%emt 00:00:05]} 3. Bc4 {[%emt 00:00:07]} Bc5 {[%clk 01:31:49]} {[%emt
00:00:03]} 4. c3 {[%clk 01:31:28]} {[%emt 00:00:49]} Nf6 {[%clk 01:32:14]}
{[%emt 00:00:04]} 5. d4 {[%clk 01:31:14]} {[%emt 00:00:45]} exd4 {[%clk
01:32:40]} {[%emt 00:00:04]} 6. e5 {[%clk 01:31:36]} {[%emt 00:00:08]} Ne4
{[%clk 01:32:41]} {[%emt 00:00:29]} 7. cxd4 {[%clk 01:31:42]} {[%emt 00:00:24]}
Bb4+ {[%clk 01:33:03]} {[%emt 00:00:08]} 8. Nbd2 {[%clk 01:30:57]} {[%emt
00:01:15]} Nxd2 {[%clk 01:33:09]} {[%emt 00:00:23]} 9. Bxd2 {[%clk 01:31:21]}
{[%emt 00:00:07]} Bxd2+ {[%clk 01:33:35]} {[%emt 00:00:04]} 10. Qxd2 {[%clk
01:31:44]} {[%emt 00:00:06]} d5 {[%clk 01:33:16]} {[%emt 00:00:50]} 11. Bb3
{[%clk 01:30:37]} {[%emt 00:01:37]} Bg4 {[%clk 01:33:23]} {[%emt 00:00:23]} 12.
Bd1 {[%clk 01:25:57]} {[%emt 00:05:09]} h6 {[%clk 01:29:18]} {[%emt 00:04:36]}
13. O-O {[%clk 01:24:47]} {[%emt 00:01:40]} Qd7 {[%clk 01:28:46]} {[%emt
00:01:02]} 14. Be2 {[%clk 01:23:09]} {[%emt 00:02:07]} Qf5 {[%clk 01:22:08]}
{[%emt 00:07:09]} 15. Rac1 {[%clk 01:20:29]} {[%emt 00:03:10]} O-O {[%clk
01:19:24]} {[%emt 00:03:14]} 16. h3 {[%clk 01:19:33]} {[%emt 00:01:25]} Bxf3
{[%clk 01:15:50]} {[%emt 00:04:05]} 17. Bxf3 {[%clk 01:16:00]} {[%emt
00:04:02]} Qd7 {[%clk 01:13:03]} {[%emt 00:03:16]} 18. Rfe1 {[%clk 01:12:14]}
{[%emt 00:04:17]} Rfe8 {[%clk 01:12:59]} {[%emt 00:00:34]} 1-0

[Event "ODJM C 2025"]
[Site "Willingen GER"]
[Date "2025.06.14"]
[Round "9"]
[White "Datta, Satadru"]
[Black "Servin, Erik Phileas Große"]
[Result "1-0"]
[Termination "normal"]
[Board "14"]
[WhiteElo "1458"]
[BlackElo "1041"]
[WhiteClock "01:20:10"]
[BlackClock "01:19:00"]
[PlyCount "23"]
[WhiteFideId "34637931"]
[BlackFideId "533043744"]
[EventCountry "GER"]
[EventRounds "9"]
[EventType "swiss"]
[EventDate "2025.06.07"]

1. e4 {[%clk 01:30:55]} {[%emt 00:00:04]} e5 {[%clk 01:30:51]} {[%emt
00:00:09]} 2. Nf3 {[%clk 01:31:11]} {[%emt 00:00:14]} Nf6 {[%clk 01:31:09]}
{[%emt 00:00:12]} 3. Nc3 {[%clk 01:31:11]} {[%emt 00:00:31]} Nc6 {[%clk
01:31:29]} {[%emt 00:00:10]} 4. Bb5 {[%clk 01:30:56]} {[%emt 00:00:44]} d6
{[%clk 01:31:31]} {[%emt 00:00:28]} 5. d3 {[%clk 01:30:43]} {[%emt 00:00:44]}
Be7 {[%clk 01:31:11]} {[%emt 00:00:50]} 6. O-O {[%clk 01:30:18]} {[%emt
00:00:55]} O-O {[%clk 01:31:34]} {[%emt 00:00:07]} 7. h3 {[%clk 01:30:29]}
{[%emt 00:00:19]} Bd7 {[%clk 01:31:20]} {[%emt 00:00:41]} 8. Be3 {[%clk
01:28:11]} {[%emt 00:02:51]} a6 {[%clk 01:28:47]} {[%emt 00:03:03]} 9. Bc4
{[%clk 01:27:20]} {[%emt 00:01:20]} Re8 {[%clk 01:25:44]} {[%emt 00:03:34]} 10.
Ng5 {[%clk 01:21:50]} {[%emt 00:05:59]} h6 {[%clk 01:20:10]} {[%emt 00:06:06]}
11. Nxf7 {[%clk 01:20:24]} {[%emt 00:01:54]} Qc8 {[%clk 01:19:00]} {[%emt
00:01:29]} 12. Nxd6+ {[%clk 01:20:10]} {[%emt 00:00:55]} 1-0

[Event "ODJM C 2025"]
[Site "Willingen GER"]
[Date "2025.06.14"]
[Round "9"]
[White "Lao, Theodora Siyuan"]
[Black "Börner, Martha"]
[Result "0-1"]
[Termination "normal"]
[Board "15"]
[WhiteElo "1587"]
[BlackElo "1211"]
[WhiteClock "00:35:50"]
[BlackClock "01:17:50"]
[PlyCount "78"]
[WhiteFideId "34667547"]
[BlackFideId "34665382"]
[EventCountry "GER"]
[EventRounds "9"]
[EventType "swiss"]
[EventDate "2025.06.07"]

1. e4 {[%clk 01:30:59]} c5 {[%clk 01:30:54]} {[%emt 00:00:07]} 2. Nf3 {[%clk
01:31:11]} {[%emt 00:00:17]} Nc6 {[%clk 01:31:12]} {[%emt 00:00:12]} 3. Nc3
{[%clk 01:31:13]} {[%emt 00:00:28]} d6 {[%clk 01:31:34]} {[%emt 00:00:08]} 4.
Bb5 {[%clk 01:31:26]} {[%emt 00:00:17]} Bd7 {[%clk 01:31:45]} {[%emt 00:00:20]}
5. d4 {[%clk 01:30:03]} {[%emt 00:01:52]} cxd4 {[%clk 01:31:04]} {[%emt
00:01:11]} 6. Nxd4 {[%clk 01:30:06]} {[%emt 00:00:27]} g6 {[%clk 01:30:35]}
{[%emt 00:00:59]} 7. Be3 {[%clk 01:29:50]} {[%emt 00:00:44]} Bg7 {[%clk
01:30:11]} {[%emt 00:00:56]} 8. O-O {[%clk 01:28:04]} {[%emt 00:02:16]} Nf6
{[%clk 01:28:18]} {[%emt 00:02:24]} 9. Qd2 {[%clk 01:27:31]} {[%emt 00:01:01]}
Ng4 {[%clk 01:27:13]} {[%emt 00:01:37]} 10. Bg5 {[%clk 01:26:34]} {[%emt
00:01:11]} Nxd4 {[%clk 01:26:11]} {[%emt 00:01:48]} 11. Bc4 {[%clk 01:24:14]}
{[%emt 00:02:48]} Ne5 {[%clk 01:24:19]} {[%emt 00:02:23]} 12. Bd5 {[%clk
01:22:16]} {[%emt 00:02:25]} Nef3+ {[%clk 01:24:18]} {[%emt 00:00:34]} 13. gxf3
{[%clk 01:15:18]} {[%emt 00:07:28]} Nxf3+ {[%clk 01:24:33]} {[%emt 00:00:16]}
14. Kh1 {[%clk 01:09:11]} {[%emt 00:06:36]} Nxd2 {[%clk 01:21:29]} {[%emt
00:03:33]} 15. Bxd2 {[%clk 01:08:32]} {[%emt 00:01:10]} O-O {[%clk 01:21:46]}
{[%emt 00:00:14]} 16. Rae1 {[%clk 01:06:56]} {[%emt 00:02:04]} Qb6 {[%clk
01:21:49]} {[%emt 00:00:29]} 17. b3 {[%clk 01:06:27]} {[%emt 00:00:59]} Bh3
{[%clk 01:22:05]} {[%emt 00:00:13]} 18. Rg1 {[%clk 01:03:43]} {[%emt 00:03:13]}
Bxc3 {[%clk 01:22:21]} {[%emt 00:00:15]} 19. Bxc3 {[%clk 01:00:11]} {[%emt
00:04:02]} Qxf2 {[%clk 01:22:36]} {[%emt 00:00:14]} 20. Rg3 {[%clk 00:57:47]}
{[%emt 00:02:54]} Qxc2 {[%clk 01:22:26]} {[%emt 00:00:41]} 21. Rxh3 {[%clk
00:57:47]} {[%emt 00:00:30]} e6 {[%clk 01:22:32]} {[%emt 00:00:25]} 22. Bc4
{[%clk 00:57:27]} {[%emt 00:00:47]} Rac8 {[%clk 01:22:22]} {[%emt 00:00:43]}
23. Ree3 {[%emt 00:04:42]} Rce8 {[%clk 01:20:59]} 24. Re2 {[%clk 00:53:36]}
{[%emt 00:01:58]} Qd1+ {[%clk 01:20:33]} {[%emt 00:00:51]} 25. Re1 {[%clk
00:53:50]} {[%emt 00:00:24]} Qg4 {[%clk 01:20:37]} {[%emt 00:00:14]} 26. Rg3
{[%clk 00:53:46]} {[%emt 00:00:43]} Qh4 {[%clk 01:20:32]} {[%emt 00:00:35]} 27.
e5 {[%clk 00:52:00]} {[%emt 00:02:18]} d5 {[%clk 01:20:03]} {[%emt 00:01:00]}
28. Bb5 {[%clk 00:51:23]} {[%emt 00:01:07]} Rc8 {[%clk 01:20:08]} {[%emt
00:00:25]} 29. Ree3 {[%clk 00:44:56]} {[%emt 00:06:55]} d4 {[%clk 01:20:05]}
{[%emt 00:00:36]} 30. Rh3 {[%clk 00:43:09]} {[%emt 00:02:16]} Qd8 {[%clk
01:19:00]} {[%emt 00:01:35]} 31. Bb4 {[%clk 00:42:02]} {[%emt 00:01:36]} dxe3
{[%clk 01:17:13]} {[%emt 00:02:19]} 32. Bxf8 {[%clk 00:41:28]} {[%emt
00:01:03]} Rc1+ {[%clk 01:17:33]} {[%emt 00:00:09]} 33. Kg2 {[%clk 00:41:47]}
{[%emt 00:00:11]} Qd5+ {[%clk 01:17:55]} {[%emt 00:00:08]} 34. Kg3 {[%clk
00:41:22]} {[%emt 00:00:52]} Qxb5 {[%clk 01:18:15]} {[%emt 00:00:15]} 35. Ba3
{[%clk 00:40:04]} {[%emt 00:01:46]} Rc2 {[%clk 01:17:57]} {[%emt 00:00:46]} 36.
Kf3 {[%clk 00:37:23]} {[%emt 00:03:11]} e2 {[%clk 01:18:02]} {[%emt 00:00:28]}
37. Rg3 {[%clk 00:37:03]} {[%emt 00:00:47]} e1=Q {[%clk 01:17:17]} {[%emt
00:01:19]} 38. h3 {[%clk 00:36:49]} {[%emt 00:00:42]} Qd3+ {[%clk 01:17:30]}
{[%emt 00:00:17]} 39. Kf4 {[%clk 00:35:50]} {[%emt 00:01:26]} Qexg3# {[%clk
01:17:50]} {[%emt 00:00:13]} 0-1